| 000 | 01094nam a22002775a 4500 | ||
|---|---|---|---|
| 005 | 20170502102049.0 | ||
| 006 | a||||fr|||| 000 0 | ||
| 008 | 170424s2016 ii a fr 001 0 eng d | ||
| 020 | _a9788123928067 | ||
| 040 |
_aEG-ScBUE _beng _cEG-ScBUE _dEG-ScBUE |
||
| 082 | 0 | 4 |
_a610.73072 _bKAU _222 |
| 100 | 1 | _aKaur, Sukhpal. | |
| 245 | 1 | 0 |
_aSimplified nursing research & statistics for undergraduates : _bas per the syllabus of INC for BSc (N) four years & BSc (N) post bsic / _cSukhpal Kaur, Amarjeet Singh. |
| 260 |
_aNew Delhi : _bCBS Publishers & Distributors Pvt Ltd., _c2016. |
||
| 300 |
_axxxi, 307 p. : _bill. ; _c28 cm. + _ehandbook |
||
| 490 | 0 | _aCBS nursing knowledge tree | |
| 500 | _aIndex : p. 301-307. | ||
| 500 | _aIncludes workbook on nursing research for undergraduates. | ||
| 650 | 7 |
_2BUEsh _936305 _aNursing _xResearch _xMethodology. |
|
| 650 | 7 |
_2BUEsh _936302 _aNursing _xResearch _xStatistical methods. |
|
| 650 | 7 |
_aNursing _xStudy and teaching (Associate degree) _2BUEsh |
|
| 651 | _2BUEsh | ||
| 653 |
_bNNUR _cApril2017 |
||
| 700 | 1 | _aSingh, Amarjeet. | |
| 942 | _2ddc | ||
| 999 |
_c24696 _d24668 |
||